| 000 | 00565nam a2200217 a 4500 | ||
|---|---|---|---|
| 001 | 45415 | ||
| 003 | BD-RjUL | ||
| 005 | 20250310110620.0 | ||
| 008 | 160726s1989 ii ||||| |||| 00| 0 eng d | ||
| 020 | _a8170242630 | ||
| 035 | _a(BD-RjUL)45415 | ||
| 040 |
_aBD-RjUL _beng _cBD-RjUL |
||
| 041 | _aeng | ||
| 082 |
_223 _a297.273 _bSHI 1989 |
||
| 100 |
_aShaghil,M _9139052 |
||
| 245 | 1 | 0 |
_aIslamic economics / _cM.Shaghil |
| 260 |
_aDelhi : _bAshish publishing house, _c1989 |
||
| 300 |
_a175 p.; _c21 cm. |
||
| 650 |
_aIslam and Economic _9139053 |
||
| 942 |
_2ddc _cBK |
||
| 999 |
_c45415 _d45415 |
||